Statystyki dla Polskie Wojewódstwa według Flag

Kliknij tutaj aby rozwiązać quiz!

Ogólne statystyki

  • Ten quiz został rozwiązany 7 razy
  • Średni wynik to 13 z 16

Statystyki odpowiedzi

Odpowiedź% Poprawnych
Województwo {Lubuskie}
100%
Województwo {Pomorskie}
100%
Województwo {Zachodnio-pomorskie}
100%
Województwo {Dolnośląskie}
86%
Województwo {Opolskie}
86%
Województwo {Śląskie}
86%
Województwo {Świętokrzyskie}
86%
Województwo {Warmińsko-Mazurskie}
86%
Województwo {Wielkopolskie}
86%
Województwo {Kujawsko-Pomorskie}
71%
Województwo {Łódzkie}
71%
Województwo {Lubelskie}
71%
Województwo {Podkarpackie}
71%
Województwo {Podlaskie}
71%
Województwo {Małopolskie}
57%
Województwo {Mazowieckie}
43%

Rozkład punktacji

Percentyl według liczby udzielonych odpowiedzi

Procent ludzi z każdym wynikiem

Twoja historia wyników

Nie rozwiązałeś tego quizu